| 000 | 00716nam a22002297a 4500 | ||
|---|---|---|---|
| 005 | 20170124105917.0 | ||
| 010 | _aA-998205 | ||
| 020 |
_c00.00 _a8175410515 |
||
| 035 | _aA-998205 | ||
| 037 | _bCen Lib/Ret | ||
| 040 |
_aDPL _bEN |
||
| 082 |
_a324.954 _bAGG |
||
| 100 |
_aAggarwal, J. C. _92161 |
||
| 245 |
_aLok sabha elections 1999 : _cby J.C. Aggarwal [and] N.K.Chowdhary _bLast of the millennium / |
||
| 260 |
_aDelhi _bShipra Publication _c2000 |
||
| 270 |
_a115-A,Vikas Marg, Shakarpur _bDelhi _e110092 |
||
| 300 |
_a205p. _c21cm (Hb) |
||
| 650 |
_aElection forecasting _973044 |
||
| 650 |
_aElection law _916112 |
||
| 700 |
_aChowdhary, N. K. _973045 |
||
| 942 |
_2ddc _cEN _h324.954 _mAGG |
||
| 999 |
_c122936 _d122936 |
||